[Event "WCO2014"]
[Site "Tromso"]
[Date "2014.08.05"]
[Round "4.27"]
[WhiteID "608742"]
[White "Fressinet Laurent"]
[BlackID "13401653"]
[Black "Mamedov Rauf"]
[Result "1/2-1/2"]
[LiveChessVersion "1.4.3"]
[BlackElo "2659"]
[WhiteElo "2708"]

1. Nf3 {[%clk 1:30:57]} d5 {[%clk 1:30:29]} 2. d4 {[%clk 1:30:43]} Nf6
{[%clk 1:30:55]} 3. c4 {[%clk 1:31:09]} c6 {[%clk 1:31:22]} 4. Nc3
{[%clk 1:30:34]} dxc4 {[%clk 1:31:30]} 5. a4 {[%clk 1:30:39]} Bf5
{[%clk 1:31:56]} 6. Nh4 {[%clk 1:29:12]} e6 {[%clk 1:29:38]} 7. Nxf5
{[%clk 1:28:15]} exf5 {[%clk 1:29:59]} 8. e3 {[%clk 1:28:36]} Bb4
{[%clk 1:29:29]} 9. Bxc4 {[%clk 1:28:59]} O-O {[%clk 1:29:56]} 10. O-O
{[%clk 1:26:36]} Nbd7 {[%clk 1:30:06]} 11. Qc2 {[%clk 1:19:21]} g6
{[%clk 1:28:31]} 12. Rd1 {[%clk 1:18:14]} Rc8 {[%clk 1:27:51]} 13. Be2
{[%clk 1:14:58]} a5 {[%clk 1:23:28]} 14. Bd2 {[%clk 1:11:49]} Re8
{[%clk 1:22:58]} 15. Bf3 {[%clk 1:09:55]} Nb6 {[%clk 1:13:38]} 16. Na2
{[%clk 1:06:19]} Bxd2 {[%clk 1:12:50]} 17. Qxd2 {[%clk 1:06:42]} Nxa4
{[%clk 1:07:17]} 18. Nc1 {[%clk 1:02:36]} Nb6 {[%clk 1:03:57]} 19. Nb3
{[%clk 1:00:42]} Nc4 {[%clk 0:58:40]} 20. Qc3 {[%clk 0:59:41]} Nd6
{[%clk 0:58:38]} 21. Qxa5 {[%clk 0:56:52]} Qxa5 {[%clk 0:56:18]} 22. Nxa5
{[%clk 0:52:40]} Ra8 {[%clk 0:54:02]} 23. b3 {[%clk 0:42:40]} Nfe4
{[%clk 0:45:20]} 24. g3 {[%clk 0:38:07]} Kf8 {[%clk 0:37:22]} 25. Kg2
{[%clk 0:32:16]} Ra7 {[%clk 0:32:20]} 26. Nc4 {[%clk 0:28:03]} Rea8
{[%clk 0:32:36]} 27. Rxa7 {[%clk 0:27:12]} Rxa7 {[%clk 0:33:00]} 28. Nxd6
{[%clk 0:27:06]} Nxd6 {[%clk 0:33:25]} 29. b4 {[%clk 0:24:55]} Ra4
{[%clk 0:29:44]} 30. d5 {[%clk 0:24:56]} cxd5 {[%clk 0:28:53]} 31. Rxd5
{[%clk 0:25:09]} 1/2-1/2

[Event "WCO2014"]
[Site "Tromso"]
[Date "2014.08.05"]
[Round "4.28"]
[WhiteID "13402129"]
[White "Safarli Eltaj"]
[BlackID "618438"]
[Black "Tkachiev Vladislav"]
[Result "1/2-1/2"]
[LiveChessVersion "1.4.3"]
[BlackElo "2624"]
[WhiteElo "2649"]

1. e4 {[%clk 1:30:55]} e5 {[%clk 1:30:51]} 2. Nf3 {[%clk 1:31:19]} Nc6
{[%clk 1:31:12]} 3. Bb5 {[%clk 1:31:45]} a6 {[%clk 1:31:25]} 4. Ba4
{[%clk 1:32:11]} Nf6 {[%clk 1:31:45]} 5. O-O {[%clk 1:32:35]} Be7
{[%clk 1:32:03]} 6. d3 {[%clk 1:33:01]} b5 {[%clk 1:29:23]} 7. Bb3
{[%clk 1:33:21]} d6 {[%clk 1:29:00]} 8. a4 {[%clk 1:33:35]} b4 {[%clk 1:27:28]}
9. a5 {[%clk 1:33:36]} O-O {[%clk 1:24:07]} 10. Nbd2 {[%clk 1:32:47]} Be6
{[%clk 1:16:13]} 11. Nc4 {[%clk 1:33:07]} Rb8 {[%clk 1:16:17]} 12. h3
{[%clk 1:33:10]} h6 {[%clk 1:05:33]} 13. Be3 {[%clk 1:33:09]} Re8
{[%clk 0:57:30]} 14. Nfd2 {[%clk 1:27:01]} Bf8 {[%clk 0:48:08]} 15. Ba4
{[%clk 1:21:37]} Bd7 {[%clk 0:44:10]} 16. f4 {[%clk 1:20:56]} exf4
{[%clk 0:43:36]} 17. Bxf4 {[%clk 1:16:03]} Ne5 {[%clk 0:38:01]} 18. Bb3
{[%clk 1:10:14]} Ng6 {[%clk 0:35:58]} 19. Bg3 {[%clk 1:09:12]} Be6
{[%clk 0:20:16]} 20. Nf3 {[%clk 1:07:34]} d5 {[%clk 0:14:18]} 21. exd5
{[%clk 1:05:54]} Bxd5 {[%clk 0:13:14]} 22. Qd2 {[%clk 0:58:10]} Bc5+
{[%clk 0:09:56]} 23. Kh1 {[%clk 0:57:25]} Re6 {[%clk 0:10:01]} 24. Rae1
{[%clk 0:55:19]} Rxe1 {[%clk 0:09:31]} 25. Bxe1 {[%clk 0:53:34]} Qd7
{[%clk 0:08:35]} 26. Bf2 {[%clk 0:50:36]} Bxf2 {[%clk 0:06:21]} 27. Qxf2
{[%clk 0:49:50]} Re8 {[%clk 0:06:38]} 28. Ncd2 {[%clk 0:45:12]} Nh5
{[%clk 0:03:31]} 29. Re1 {[%clk 0:44:19]} Rxe1+ {[%clk 0:03:31]} 30. Qxe1
{[%clk 0:44:42]} Nhf4 {[%clk 0:03:37]} 1/2-1/2

[Event "WCO2014"]
[Site "Tromso"]
[Date "2014.08.05"]
[Round "4.21"]
[WhiteID "912417"]
[White "Ivanisevic Ivan"]
[BlackID "309095"]
[Black "Navara David"]
[Result "1/2-1/2"]
[LiveChessVersion "1.4.3"]
[BlackElo "2716"]
[WhiteElo "2613"]

1. d4 {[%clk 1:30:57]} Nf6 {[%clk 1:30:55]} 2. c4 {[%clk 1:31:22]} g6
{[%clk 1:31:21]} 3. Nc3 {[%clk 1:31:25]} d5 {[%clk 1:31:46]} 4. Nf3
{[%clk 1:31:50]} Bg7 {[%clk 1:32:12]} 5. Qb3 {[%clk 1:32:15]} dxc4
{[%clk 1:32:30]} 6. Qxc4 {[%clk 1:32:39]} O-O {[%clk 1:32:52]} 7. e4
{[%clk 1:33:07]} Nc6 {[%clk 1:32:44]} 8. Be2 {[%clk 1:33:05]} e5 {[%clk 1:32:53]}
9. d5 {[%clk 1:32:30]} Nd4 {[%clk 1:33:13]} 10. Nxd4 {[%clk 1:32:54]} exd4
{[%clk 1:33:32]} 11. Qxd4 {[%clk 1:33:20]} c6 {[%clk 1:30:47]} 12. d6
{[%clk 1:33:30]} Re8 {[%clk 1:28:32]} 13. Qd3 {[%clk 1:33:37]} b5
{[%clk 1:28:02]} 14. f3 {[%clk 1:33:40]} Re6 {[%clk 1:25:00]} 15. Be3
{[%clk 1:29:45]} Rxd6 {[%clk 1:23:16]} 16. Qc2 {[%clk 1:30:09]} Nh5
{[%clk 1:21:54]} 17. O-O {[%clk 1:13:10]} Bd4 {[%clk 1:15:25]} 18. Bxd4
{[%clk 1:12:40]} Rxd4 {[%clk 1:15:45]} 19. Rfd1 {[%clk 1:13:06]} Be6
{[%clk 1:03:42]} 20. Bf1 {[%clk 0:53:50]} Qb6 {[%clk 1:02:57]} 21. Rxd4
{[%clk 0:43:49]} Qxd4+ {[%clk 1:02:53]} 22. Qf2 {[%clk 0:43:39]} Rd8
{[%clk 1:02:59]} 23. Qxd4 {[%clk 0:42:16]} Rxd4 {[%clk 1:03:19]} 24. b3
{[%clk 0:42:44]} Rd2 {[%clk 1:01:12]} 25. Ne2 {[%clk 0:40:05]} b4
{[%clk 0:46:11]} 26. Kf2 {[%clk 0:34:16]} c5 {[%clk 0:46:26]} 27. Ke3
{[%clk 0:34:14]} Rc2 {[%clk 0:42:07]} 28. g4 {[%clk 0:24:51]} Nf6
{[%clk 0:42:30]} 29. Nf4 {[%clk 0:24:36]} Rc3+ {[%clk 0:38:54]} 30. Bd3
{[%clk 0:22:49]} c4 {[%clk 0:38:52]} 31. bxc4 {[%clk 0:23:13]} Bxc4
{[%clk 0:39:02]} 32. Kd4 {[%clk 0:23:18]} Bxd3 {[%clk 0:37:10]} 33. Nxd3
{[%clk 0:23:43]} Ra3 {[%clk 0:36:40]} 34. Rc1 {[%clk 0:20:06]} Rxa2
{[%clk 0:36:06]} 35. Rc8+ {[%clk 0:20:03]} Kg7 {[%clk 0:36:27]} 36. e5
{[%clk 0:20:28]} Ng8 {[%clk 0:32:02]} 37. Rc7 {[%clk 0:20:04]} Kf8
{[%clk 0:32:13]} 38. Rc8+ {[%clk 0:18:00]} Kg7 {[%clk 0:32:34]} 39. Rc7
{[%clk 0:18:25]} Kf8 {[%clk 0:32:55]} 1/2-1/2

[Event "WCO2014"]
[Site "Tromso"]
[Date "2014.08.05"]
[Round "4.22"]
[WhiteID "316385"]
[White "Laznicka Viktor"]
[BlackID "921629"]
[Black "Perunovic Milos"]
[Result "1-0"]
[LiveChessVersion "1.4.3"]
[BlackElo "2602"]
[WhiteElo "2676"]

1. d4 {[%clk 1:30:57]} d5 {[%clk 1:30:46]} 2. c4 {[%clk 1:31:21]} c6
{[%clk 1:30:59]} 3. Nf3 {[%clk 1:31:45]} Nf6 {[%clk 1:31:14]} 4. g3
{[%clk 1:32:08]} Bf5 {[%clk 1:25:16]} 5. Nc3 {[%clk 1:31:49]} e6 {[%clk 1:25:17]}
6. Nh4 {[%clk 1:30:58]} Be4 {[%clk 1:23:43]} 7. f3 {[%clk 1:29:45]} Bg6
{[%clk 1:23:59]} 8. Qb3 {[%clk 1:28:26]} Qb6 {[%clk 1:21:23]} 9. c5
{[%clk 1:26:15]} Qc7 {[%clk 1:21:12]} 10. Bf4 {[%clk 1:26:30]} Qc8
{[%clk 1:21:24]} 11. e4 {[%clk 1:25:37]} Be7 {[%clk 1:10:24]} 12. Bg2
{[%clk 1:06:01]} Nh5 {[%clk 0:43:35]} 13. Bd6 {[%clk 0:59:13]} Bxd6
{[%clk 0:36:27]} 14. cxd6 {[%clk 0:59:15]} O-O {[%clk 0:36:44]} 15. Nxg6
{[%clk 0:49:59]} hxg6 {[%clk 0:31:16]} 16. e5 {[%clk 0:39:25]} c5
{[%clk 0:29:46]} 17. Ne2 {[%clk 0:25:49]} Nc6 {[%clk 0:29:07]} 18. f4
{[%clk 0:16:23]} cxd4 {[%clk 0:26:15]} 19. Rd1 {[%clk 0:06:54]} f6
{[%clk 0:24:57]} 20. g4 {[%clk 0:05:05]} fxe5 {[%clk 0:21:03]} 21. gxh5
{[%clk 0:05:29]} e4 {[%clk 0:21:23]} 22. Nxd4 {[%clk 0:05:12]} Nxd4
{[%clk 0:19:06]} 23. Rxd4 {[%clk 0:05:38]} Qc1+ {[%clk 0:15:43]} 24. Ke2
{[%clk 0:03:26]} Qxf4 {[%clk 0:15:54]} 25. Qg3 {[%clk 0:03:50]} Qf6
{[%clk 0:14:58]} 26. Rd2 {[%clk 0:03:40]} Qf5 {[%clk 0:11:31]} 27. Bh3
{[%clk 0:03:31]} Qf3+ {[%clk 0:09:54]} 28. Qxf3 {[%clk 0:03:54]} exf3+
{[%clk 0:10:19]} 29. Kf2 {[%clk 0:04:19]} Rf6 {[%clk 0:10:45]} 30. Re1
{[%clk 0:04:08]} Kf7 {[%clk 0:10:42]} 31. hxg6+ {[%clk 0:03:17]} Rxg6
{[%clk 0:11:06]} 32. Rd3 {[%clk 0:03:38]} 1-0

[Event "WCO2014"]
[Site "Tromso"]
[Date "2014.08.05"]
[Round "4.23"]
[WhiteID "921637"]
[White "Markus Robert"]
[BlackID "300071"]
[Black "Hracek Zbynek"]
[Result "1-0"]
[LiveChessVersion "1.4.3"]
[BlackElo "2634"]
[WhiteElo "2602"]

1. d4 {[%clk 1:30:55]} Nf6 {[%clk 1:30:41]} 2. c4 {[%clk 1:31:17]} e6
{[%clk 1:31:07]} 3. Nf3 {[%clk 1:31:42]} b6 {[%clk 1:31:15]} 4. g3
{[%clk 1:31:37]} Bb7 {[%clk 1:31:25]} 5. Bg2 {[%clk 1:31:43]} Be7
{[%clk 1:31:52]} 6. O-O {[%clk 1:31:18]} O-O {[%clk 1:32:17]} 7. Nc3
{[%clk 1:30:59]} Ne4 {[%clk 1:32:43]} 8. Bd2 {[%clk 1:31:22]} Bf6
{[%clk 1:32:58]} 9. Rc1 {[%clk 1:27:59]} d6 {[%clk 1:31:09]} 10. d5
{[%clk 1:22:17]} Nxd2 {[%clk 1:30:23]} 11. Qxd2 {[%clk 1:22:19]} Bxc3
{[%clk 1:17:55]} 12. Rxc3 {[%clk 1:19:28]} e5 {[%clk 1:18:15]} 13. b4
{[%clk 1:14:12]} a5 {[%clk 1:16:25]} 14. a3 {[%clk 1:14:30]} Nd7 {[%clk 1:16:44]}
15. Rb1 {[%clk 1:12:51]} Qe7 {[%clk 0:56:35]} 16. Ne1 {[%clk 0:56:44]} Ra7
{[%clk 0:53:47]} 17. Nc2 {[%clk 0:51:52]} Rfa8 {[%clk 0:48:22]} 18. h4
{[%clk 0:48:21]} Bc8 {[%clk 0:38:50]} 19. e4 {[%clk 0:36:49]} h5 {[%clk 0:31:52]}
20. Bf3 {[%clk 0:27:25]} g6 {[%clk 0:30:28]} 21. Qh6 {[%clk 0:23:06]} axb4
{[%clk 0:27:52]} 22. axb4 {[%clk 0:22:53]} Ra2 {[%clk 0:27:55]} 23. Ne3
{[%clk 0:20:07]} Qf6 {[%clk 0:23:30]} 24. Nf1 {[%clk 0:17:46]} Qg7
{[%clk 0:18:51]} 25. Qg5 {[%clk 0:17:18]} Qf6 {[%clk 0:18:17]} 26. Qh6
{[%clk 0:17:31]} R8a3 {[%clk 0:11:33]} 27. Qe3 {[%clk 0:13:29]} Ra8
{[%clk 0:11:52]} 28. Rbb3 {[%clk 0:11:20]} Kg7 {[%clk 0:09:02]} 29. Ra3
{[%clk 0:11:37]} Bb7 {[%clk 0:06:24]} 30. Rxa8 {[%clk 0:10:31]} Rxa8
{[%clk 0:06:45]} 31. Ra3 {[%clk 0:10:33]} Qd8 {[%clk 0:06:52]} 32. Qc1
{[%clk 0:08:02]} Qb8 {[%clk 0:03:55]} 33. Ne3 {[%clk 0:07:55]} Rxa3
{[%clk 0:03:11]} 34. Qxa3 {[%clk 0:08:18]} Bc8 {[%clk 0:03:26]} 35. Bxh5
{[%clk 0:06:43]} gxh5 {[%clk 0:02:00]} 36. Nf5+ {[%clk 0:07:07]} Kg8
{[%clk 0:02:26]} 37. Qe3 {[%clk 0:06:44]} Nf8 {[%clk 0:02:35]} 38. Qg5+
{[%clk 0:06:56]} Ng6 {[%clk 0:03:01]} 39. Qd8+ {[%clk 0:06:19]} Nf8
{[%clk 0:02:17]} 40. Qxc8 {[%clk 0:03:38]} Qxc8 {[%clk 0:02:38]} 41. Ne7+
{[%clk 0:04:06]} Kg7 {[%clk 0:03:01]} 42. Nxc8 {[%clk 0:04:32]} f5
{[%clk 0:29:24]} 43. exf5 {[%clk 0:30:08]} Kf6 {[%clk 0:29:25]} 44. f3
{[%clk 0:29:24]} Kxf5 {[%clk 0:25:36]} 45. Kf2 {[%clk 0:29:20]} e4
{[%clk 0:24:17]} 46. Ne7+ {[%clk 0:26:44]} Kf6 {[%clk 0:22:28]} 47. Nc6
{[%clk 0:27:04]} exf3 {[%clk 0:22:57]} 48. Kxf3 {[%clk 0:27:14]} Kf5
{[%clk 0:23:19]} 49. Nd4+ {[%clk 0:25:11]} Ke5 {[%clk 0:23:47]} 50. Nb5
{[%clk 0:25:31]} Nd7 {[%clk 0:18:59]} 51. Nxc7 {[%clk 0:24:01]} Kf5
{[%clk 0:17:03]} 52. Nb5 {[%clk 0:22:51]} Ne5+ {[%clk 0:14:04]} 53. Ke3
{[%clk 0:23:08]} Nf7 {[%clk 0:14:04]} 54. Kd4 {[%clk 0:18:06]} Kg4
{[%clk 0:12:37]} 55. Nxd6 {[%clk 0:18:31]} Nxd6 {[%clk 0:13:01]} 56. c5
{[%clk 0:18:58]} 1-0

[Event "WCO2014"]
[Site "Tromso"]
[Date "2014.08.05"]
[Round "4.24"]
[WhiteID "318299"]
[White "Petr Martin"]
[BlackID "922900"]
[Black "Sedlak Nikola"]
[Result "0-1"]
[LiveChessVersion "1.4.3"]
[BlackElo "2554"]
[WhiteElo "2530"]

1. e4 {[%clk 1:30:54]} e6 {[%clk 1:30:35]} 2. d4 {[%clk 1:31:17]} d5
{[%clk 1:30:57]} 3. Nd2 {[%clk 1:31:38]} c5 {[%clk 1:29:06]} 4. exd5
{[%clk 1:31:55]} Qxd5 {[%clk 1:29:27]} 5. Ngf3 {[%clk 1:32:06]} cxd4
{[%clk 1:29:29]} 6. Bc4 {[%clk 1:32:30]} Qd6 {[%clk 1:28:41]} 7. O-O
{[%clk 1:32:48]} Nf6 {[%clk 1:29:04]} 8. Nb3 {[%clk 1:33:05]} Nc6
{[%clk 1:29:15]} 9. Nbxd4 {[%clk 1:33:26]} Nxd4 {[%clk 1:29:19]} 10. Nxd4
{[%clk 1:33:51]} a6 {[%clk 1:29:44]} 11. Re1 {[%clk 1:33:58]} Qc7
{[%clk 1:27:39]} 12. Qe2 {[%clk 1:34:11]} Bd7 {[%clk 1:25:10]} 13. Bg5
{[%clk 1:18:56]} O-O-O {[%clk 1:20:37]} 14. c3 {[%clk 1:15:50]} Bd6
{[%clk 1:19:33]} 15. h3 {[%clk 1:16:08]} Kb8 {[%clk 1:12:33]} 16. a4
{[%clk 1:16:22]} Rc8 {[%clk 0:55:39]} 17. Bb3 {[%clk 1:01:48]} Bh2+
{[%clk 0:54:58]} 18. Kh1 {[%clk 1:02:06]} Bf4 {[%clk 0:55:22]} 19. Bxf4
{[%clk 0:56:53]} Qxf4 {[%clk 0:50:43]} 20. Nf3 {[%clk 0:57:17]} Rhd8
{[%clk 0:45:48]} 21. Ne5 {[%clk 0:41:05]} Be8 {[%clk 0:45:32]} 22. Rad1
{[%clk 0:41:29]} Rxd1 {[%clk 0:42:02]} 23. Rxd1 {[%clk 0:41:47]} Qe4
{[%clk 0:41:00]} 24. Qxe4 {[%clk 0:35:14]} Nxe4 {[%clk 0:40:54]} 25. Nd3
{[%clk 0:35:42]} Rd8 {[%clk 0:40:40]} 26. Kg1 {[%clk 0:35:47]} Kc7
{[%clk 0:37:49]} 27. f3 {[%clk 0:34:41]} Rxd3 {[%clk 0:32:36]} 28. Rxd3
{[%clk 0:27:11]} Nc5 {[%clk 0:32:36]} 29. Bc2 {[%clk 0:27:09]} Nxd3
{[%clk 0:32:53]} 30. Bxd3 {[%clk 0:27:35]} Bxa4 {[%clk 0:32:25]} 31. Bxh7
{[%clk 0:27:59]} g6 {[%clk 0:32:24]} 32. h4 {[%clk 0:28:25]} Kd6 {[%clk 0:32:38]}
33. g4 {[%clk 0:27:40]} Ke7 {[%clk 0:32:44]} 34. h5 {[%clk 0:21:09]} Kf6
{[%clk 0:32:03]} 35. h6 {[%clk 0:21:11]} Kg5 {[%clk 0:32:23]} 0-1

[Event "WCO2014"]
[Site "Tromso"]
[Date "2014.08.05"]
[Round "4.29"]
[WhiteID "1503014"]
[White "Carlsen Magnus"]
[BlackID "1118358"]
[Black "Wojtaszek Radoslaw"]
[Result "1-0"]
[LiveChessVersion "1.4.3"]
[BlackElo "2735"]
[WhiteElo "2877"]

1. e4 {[%clk 1:30:58]} c5 {[%clk 1:30:55]} 2. Nc3 {[%clk 1:31:25]} d6
{[%clk 1:31:18]} 3. g3 {[%clk 1:31:50]} Nc6 {[%clk 1:31:10]} 4. Bg2
{[%clk 1:32:13]} g6 {[%clk 1:31:28]} 5. d3 {[%clk 1:32:34]} Bg7 {[%clk 1:31:53]}
6. Be3 {[%clk 1:32:50]} e5 {[%clk 1:31:27]} 7. Nh3 {[%clk 1:33:03]} Nge7
{[%clk 1:30:38]} 8. f4 {[%clk 1:33:06]} Nd4 {[%clk 1:27:44]} 9. O-O
{[%clk 1:33:04]} O-O {[%clk 1:27:54]} 10. Qd2 {[%clk 1:32:48]} Bd7
{[%clk 1:20:20]} 11. Nd1 {[%clk 1:26:38]} Qc8 {[%clk 1:19:12]} 12. Ndf2
{[%clk 1:25:48]} Ndc6 {[%clk 1:10:20]} 13. c3 {[%clk 1:22:28]} b5
{[%clk 1:10:21]} 14. fxe5 {[%clk 1:15:57]} Nxe5 {[%clk 1:10:12]} 15. Bh6
{[%clk 1:16:11]} N7c6 {[%clk 0:58:48]} 16. Bxg7 {[%clk 1:16:07]} Kxg7
{[%clk 0:59:12]} 17. Nf4 {[%clk 1:16:28]} Qd8 {[%clk 0:58:00]} 18. Rad1
{[%clk 1:13:48]} Rc8 {[%clk 0:52:53]} 19. Qe2 {[%clk 1:05:56]} h5
{[%clk 0:44:38]} 20. d4 {[%clk 0:59:41]} cxd4 {[%clk 0:44:06]} 21. cxd4
{[%clk 0:57:50]} Ng4 {[%clk 0:44:33]} 22. h3 {[%clk 0:57:35]} Nxf2
{[%clk 0:44:15]} 23. Qxf2 {[%clk 0:57:28]} Ne7 {[%clk 0:40:59]} 24. Rd3
{[%clk 0:55:05]} b4 {[%clk 0:19:11]} 25. Rf3 {[%clk 0:54:57]} Qe8
{[%clk 0:19:36]} 26. g4 {[%clk 0:53:18]} hxg4 {[%clk 0:12:30]} 27. hxg4
{[%clk 0:53:32]} Bb5 {[%clk 0:12:53]} 28. Re1 {[%clk 0:53:20]} Qd8
{[%clk 0:10:53]} 29. g5 {[%clk 0:40:46]} Qb6 {[%clk 0:07:51]} 30. Bh3
{[%clk 0:39:26]} Rcd8 {[%clk 0:05:10]} 31. Be6 {[%clk 0:38:54]} Be8
{[%clk 0:05:34]} 32. Nd5 {[%clk 0:36:22]} Nxd5 {[%clk 0:05:45]} 33. Bxd5
{[%clk 0:36:44]} 1-0

[Event "WCO2014"]
[Site "Tromso"]
[Date "2014.08.05"]
[Round "4.30"]
[WhiteID "1116207"]
[White "Gajewski Grzegorz"]
[BlackID "1500015"]
[Black "Agdestein Simen"]
[Result "1/2-1/2"]
[LiveChessVersion "1.4.3"]
[BlackElo "2630"]
[WhiteElo "2659"]

1. d4 {[%clk 1:30:56]} Nf6 {[%clk 1:30:50]} 2. c4 {[%clk 1:31:18]} e6
{[%clk 1:31:16]} 3. Nc3 {[%clk 1:31:41]} Bb4 {[%clk 1:31:32]} 4. Nf3
{[%clk 1:32:01]} c5 {[%clk 1:29:14]} 5. e3 {[%clk 1:32:18]} O-O {[%clk 1:28:35]}
6. Be2 {[%clk 1:26:30]} b6 {[%clk 1:17:33]} 7. O-O {[%clk 1:25:26]} Bb7
{[%clk 1:14:35]} 8. Qb3 {[%clk 1:16:51]} Nc6 {[%clk 1:03:30]} 9. Rd1
{[%clk 1:03:43]} Na5 {[%clk 0:50:16]} 10. Qc2 {[%clk 1:03:35]} cxd4
{[%clk 0:50:10]} 11. Nxd4 {[%clk 0:55:50]} Rc8 {[%clk 0:49:55]} 12. b3
{[%clk 0:52:25]} d5 {[%clk 0:45:31]} 13. Bb2 {[%clk 0:50:32]} Qe7
{[%clk 0:42:18]} 14. a3 {[%clk 0:48:17]} Bd6 {[%clk 0:40:48]} 15. Ndb5
{[%clk 0:29:07]} Bb8 {[%clk 0:40:03]} 16. a4 {[%clk 0:29:31]} Rfd8
{[%clk 0:26:50]} 17. Ba3 {[%clk 0:29:55]} Qe8 {[%clk 0:26:59]} 18. Qa2
{[%clk 0:28:51]} dxc4 {[%clk 0:18:58]} 19. bxc4 {[%clk 0:28:56]} e5
{[%clk 0:17:54]} 20. f3 {[%clk 0:22:00]} Qe6 {[%clk 0:11:17]} 21. c5
{[%clk 0:18:49]} Nb3 {[%clk 0:10:35]} 22. Rxd8+ {[%clk 0:13:29]} Rxd8
{[%clk 0:11:03]} 23. Rb1 {[%clk 0:08:50]} Nxc5 {[%clk 0:11:20]} 24. Bxc5
{[%clk 0:07:18]} Qxa2 {[%clk 0:11:41]} 25. Nxa2 {[%clk 0:07:43]} bxc5
{[%clk 0:12:09]} 26. Nac3 {[%clk 0:07:34]} Bc6 {[%clk 0:09:30]} 27. e4
{[%clk 0:07:20]} Kf8 {[%clk 0:05:29]} 28. Na3 {[%clk 0:06:56]} Bc7
{[%clk 0:04:43]} 29. Ncb5 {[%clk 0:06:53]} Ne8 {[%clk 0:04:17]} 30. Nc4
{[%clk 0:06:23]} f6 {[%clk 0:03:29]} 31. Rc1 {[%clk 0:03:58]} Rb8
{[%clk 0:03:12]} 32. Kf1 {[%clk 0:01:55]} Bd8 {[%clk 0:02:10]} 33. Rd1
{[%clk 0:01:45]} a6 {[%clk 0:01:41]} 34. Nc3 {[%clk 0:02:10]} Bc7
{[%clk 0:01:22]} 35. Ne3 {[%clk 0:01:52]} Ba5 {[%clk 0:01:11]} 36. Ncd5
{[%clk 0:02:05]} Bb4 {[%clk 0:01:22]} 37. Bxa6 {[%clk 0:01:11]} Bxa4
{[%clk 0:01:49]} 38. Ra1 {[%clk 0:01:28]} Bc6 {[%clk 0:01:09]} 39. Bc4
{[%clk 0:00:38]} Nd6 {[%clk 0:01:21]} 40. Ra6 {[%clk 0:00:45]} Nxc4
{[%clk 0:01:00]} 41. Rxc6 {[%clk 0:01:10]} Nxe3+ {[%clk 0:00:45]} 42. Nxe3
{[%clk 0:01:27]} Bc3 {[%clk 0:30:36]} 43. Ke2 {[%clk 0:25:54]} Bd4
{[%clk 0:20:11]} 44. Nf5 {[%clk 0:25:22]} Rb2+ {[%clk 0:16:00]} 45. Kd3
{[%clk 0:25:48]} Rxg2 {[%clk 0:15:36]} 46. Rc8+ {[%clk 0:25:17]} Kf7
{[%clk 0:16:03]} 47. Rc7+ {[%clk 0:25:43]} Kf8 {[%clk 0:15:29]} 48. Kc4
{[%clk 0:14:45]} g6 {[%clk 0:15:40]} 49. Nd6 {[%clk 0:15:09]} Rxh2
{[%clk 0:12:52]} 50. Kd5 {[%clk 0:15:37]} Be3 {[%clk 0:11:13]} 51. Ke6
{[%clk 0:09:22]} Bg5 {[%clk 0:11:24]} 52. Ne8 {[%clk 0:06:14]} Ra2
{[%clk 0:04:33]} 53. Rxh7 {[%clk 0:06:38]} Ra6+ {[%clk 0:04:51]} 54. Nd6
{[%clk 0:06:56]} c4 {[%clk 0:03:56]} 55. Rc7 {[%clk 0:07:24]} Bc1
{[%clk 0:03:59]} 56. Kd5 {[%clk 0:07:04]} Ba3 {[%clk 0:04:14]} 57. Nxc4
{[%clk 0:06:10]} Be7 {[%clk 0:04:42]} 58. Rc8+ {[%clk 0:06:14]} Kf7
{[%clk 0:05:07]} 59. Rc7 {[%clk 0:06:37]} Kf8 {[%clk 0:05:05]} 60. Rc8+
{[%clk 0:07:01]} Kf7 {[%clk 0:03:13]} 61. Rc7 {[%clk 0:07:28]} 1/2-1/2

[Event "WCO2014"]
[Site "Tromso"]
[Date "2014.08.05"]
[Round "4.31"]
[WhiteID "1503707"]
[White "Hammer Jon Ludvig"]
[BlackID "1170546"]
[Black "Duda Jan-Krzysztof"]
[Result "1/2-1/2"]
[LiveChessVersion "1.4.3"]
[BlackElo "2576"]
[WhiteElo "2628"]

1. d4 {[%clk 1:30:58]} d5 {[%clk 1:30:55]} 2. c4 {[%clk 1:31:16]} c6
{[%clk 1:31:18]} 3. Nf3 {[%clk 1:31:41]} e6 {[%clk 1:31:28]} 4. e3
{[%clk 1:32:04]} Nf6 {[%clk 1:31:51]} 5. b3 {[%clk 1:32:27]} b6 {[%clk 1:28:10]}
6. Bd3 {[%clk 1:32:49]} Bb7 {[%clk 1:28:25]} 7. O-O {[%clk 1:30:11]} Nbd7
{[%clk 1:24:11]} 8. Bb2 {[%clk 1:27:47]} Be7 {[%clk 1:23:47]} 9. Nc3
{[%clk 1:25:37]} O-O {[%clk 1:22:50]} 10. Qe2 {[%clk 1:24:13]} a5
{[%clk 1:14:52]} 11. Rfd1 {[%clk 1:22:04]} Qc7 {[%clk 1:10:50]} 12. Rac1
{[%clk 1:20:31]} Rad8 {[%clk 1:06:20]} 13. cxd5 {[%clk 1:08:39]} exd5
{[%clk 1:06:33]} 14. Ne5 {[%clk 1:00:20]} Nxe5 {[%clk 0:50:46]} 15. dxe5
{[%clk 0:42:57]} Qxe5 {[%clk 0:51:01]} 16. Ne4 {[%clk 0:43:21]} Qe6
{[%clk 0:51:13]} 17. Ng5 {[%clk 0:43:45]} Qg4 {[%clk 0:51:02]} 18. Qxg4
{[%clk 0:39:06]} Nxg4 {[%clk 0:51:26]} 19. Nxh7 {[%clk 0:39:31]} Rfe8
{[%clk 0:50:37]} 20. h3 {[%clk 0:39:56]} Nh6 {[%clk 0:40:45]} 21. g4
{[%clk 0:40:23]} f6 {[%clk 0:40:26]} 22. Bg6 {[%clk 0:40:50]} Nf7
{[%clk 0:40:32]} 23. h4 {[%clk 0:37:01]} c5 {[%clk 0:35:54]} 24. g5
{[%clk 0:27:51]} fxg5 {[%clk 0:34:19]} 25. Nxg5 {[%clk 0:28:13]} Bxg5
{[%clk 0:34:38]} 26. hxg5 {[%clk 0:28:37]} Rd6 {[%clk 0:35:02]} 27. Bh5
{[%clk 0:24:54]} g6 {[%clk 0:33:30]} 28. Bf3 {[%clk 0:18:54]} Nxg5
{[%clk 0:33:29]} 29. Bg2 {[%clk 0:19:23]} Ne4 {[%clk 0:31:51]} 30. a3
{[%clk 0:15:01]} Ba6 {[%clk 0:29:08]} 31. b4 {[%clk 0:14:10]} Be2
{[%clk 0:26:31]} 32. bxc5 {[%clk 0:12:28]} bxc5 {[%clk 0:26:46]} 33. Re1
{[%clk 0:12:56]} Bc4 {[%clk 0:26:35]} 34. f3 {[%clk 0:08:23]} Ng3
{[%clk 0:21:16]} 35. Kf2 {[%clk 0:08:52]} Rb6 {[%clk 0:21:29]} 36. Bc3
{[%clk 0:05:57]} Ne2 {[%clk 0:19:49]} 37. Rxe2 {[%clk 0:06:22]} Bxe2
{[%clk 0:20:12]} 38. Kxe2 {[%clk 0:06:48]} d4 {[%clk 0:19:44]} 39. Bd2
{[%clk 0:07:11]} Rb2 {[%clk 0:11:51]} 40. e4 {[%clk 0:07:14]} Re5
{[%clk 0:12:17]} 41. Bh3 {[%clk 0:00:39]} Kf7 {[%clk 0:08:42]} 42. Bg4
{[%clk 0:29:25]} Ra2 {[%clk 0:36:03]} 43. Kd1 {[%clk 0:22:39]} Re8
{[%clk 0:33:13]} 44. Rxc5 {[%clk 0:21:41]} Rh8 {[%clk 0:33:14]} 45. Rc7+
{[%clk 0:16:27]} Kf6 {[%clk 0:32:43]} 46. Rc6+ {[%clk 0:16:56]} Kg7
{[%clk 0:32:38]} 47. Rc7+ {[%clk 0:17:24]} Kf6 {[%clk 0:33:01]} 48. f4
{[%clk 0:04:02]} Rh1+ {[%clk 0:32:24]} 49. Be1 {[%clk 0:04:31]} g5
{[%clk 0:29:02]} 50. e5+ {[%clk 0:05:00]} Kg6 {[%clk 0:29:24]} 51. Rc6+
{[%clk 0:01:05]} Kg7 {[%clk 0:29:30]} 52. Rc7+ {[%clk 0:01:31]} 1/2-1/2